| 000 | 00766nam a2200253 i 4500 | ||
|---|---|---|---|
| 001 | 8458 | ||
| 003 | ES-MaACL | ||
| 005 | 20250809063447.0 | ||
| 007 | t| | ||
| 008 | 920618s1992 sp ||||1| spa d | ||
| 020 | _a84-239-2459-9 | ||
| 080 | _a338(100) | ||
| 080 | _a308(100)"19" | ||
| 100 | 1 |
_aTamames, Ramón, _d1933- _9237391 |
|
| 245 | 1 | 3 |
_aUn nuevo orden mundial _b: la senda crítica de la razón y el gobierno de la humanidad / _cRamón Tamames. |
| 250 | _a2ª ed. | ||
| 260 |
_aMadrid : _bEspasa-Calpe, _cD.L. 1992. |
||
| 300 |
_a317 p. ; _c24 cm. |
||
| 490 | 1 | _aEspasa mañana | |
| 650 | 4 |
_aPolítica mundial- _y1985-1995. _916303 |
|
| 830 | 0 |
_aEspasa mañana _9177812 |
|
| 852 |
_aES-MaACL _jL-15850 _bR.120380 |
||
| 999 |
_c8458 _d8458 |
||